Statistics for MLB TOP 10 All Time Home Run Leaders in World Series Play

Click here to take the quiz!

General Stats

  • This quiz has been taken 39 times
  • The average score is 6 of 14

Answer Stats

HintAnswer% Correct
15Babe Ruth
91%
18Mickey Mantle
85%
10Lou Gehrig
79%
10Reggie Jackson
79%
12Yogi Berra
79%
8Joe Dimaggio
71%
11Duke Snider
32%
8Frank Robinson
32%
7George Springer
12%
7Gil McDougald
9%
8Bill Skowron
6%
7Chase Utley
6%
7Hank Bauer
6%
7Goose Goslin
3%

Score Distribution

Percentile by Number Answered

Percent of People with Each Score

Your Score History

You have not taken this quiz